Использование отношения пристана к фитану в практике геохимических исследований; Геология нефти и газа; № 9

Dades bibliogràfiques
Parent link:Геология нефти и газа: научно-технический журнал/ Российская Федерация, Министерство топлива и энергетики (Минтопэнерго) ; Газпром ; Всероссийский научно-исследовательский геологический нефтяной институт (ВНИГНИ).— , 1959-
№ 9.— 1985.— С. 46-53
Autor principal: Гончаров И. В. Иван Васильевич
Altres autors: Лебедева Л. Н.
Idioma:rus
Publicat: 1985
Matèries:
Format: MixedMaterials Capítol de llibre
KOHA link:https://koha.lib.tpu.ru/cgi-bin/koha/opac-detail.pl?biblionumber=489614

MARC

LEADER 00000naa2a2200000 4500
001 489614
005 20240723145743.0
035 |a (RuTPU)RU\TPU\prd\158482 
035 |a RU\TPU\prd\158481 
090 |a 489614 
100 |a 20121112a1985 k y0rusy50 ca 
101 0 |a rus 
102 |a RU 
200 1 |a Использование отношения пристана к фитану в практике геохимических исследований  |f И. В. Гончаров, Л. Н. Лебедева 
320 |a Библиогр.: с. 52-53 (12 назв.) 
461 0 |0 (RuTPU)RU\TPU\prd\1421  |t Геология нефти и газа  |o научно-технический журнал  |f Российская Федерация, Министерство топлива и энергетики (Минтопэнерго) ; Газпром ; Всероссийский научно-исследовательский геологический нефтяной институт (ВНИГНИ)  |d 1959- 
463 0 |0 (RuTPU)RU\TPU\prd\131283  |t № 9  |v С. 46-53  |d 1985 
610 1 |a труды учёных ТПУ 
700 1 |a Гончаров  |b И. В.  |c геолог  |c профессор Томского политехнического университета, доктор геолого-минералогических наук  |f 1947-  |g Иван Васильевич  |3 (RuTPU)RU\TPU\pers\21956  |9 9275 
701 1 |a Лебедева  |b Л. Н. 
801 1 |a RU  |b 63413507  |c 20121030 
801 2 |a RU  |b 63413507  |c 20121112  |g RCR 
942 |c BK